| 000 | 01330cam a2200277 a 4500 | ||
|---|---|---|---|
| 999 |
_c5306 _d5306 |
||
| 001 | 403609 | ||
| 003 | OSt | ||
| 005 | 20250904100927.0 | ||
| 008 | 160418s2016 enka j 000 0 eng d | ||
| 020 | _a9780141371450 | ||
| 040 |
_aNF _cTTCT _dTTCT _dKH8 |
||
| 042 | _anbic | ||
| 050 | 1 | 4 |
_aPZ7.D1515 _bG5 2016 |
| 082 | _aFIC DAH | ||
| 100 | 1 |
_aDahl, Roald, _eauthor. |
|
| 245 | 1 | 0 |
_aGiraffe and the pelly and me / _cRoald Dahl ; illustrated by Quentin Blake. |
| 260 |
_aLondon : _bPuffin, _c2016. |
||
| 300 |
_a70 p. : _bill. ; _c20 cm. |
||
| 520 | _aGENERAL FICTION (CHILDREN'S / TEENAGE). Phizzwhizzing new cover look and branding for the World's number one Storyteller! Billy's biggest wish is to turn a weird old wooden house into a wonderful sweet-shop. But then he finds a giraffe, a pelly and a monkey living inside - they're the Ladderless Window-Cleaning Company! Who needs ladders when you've got a giraffe? They become best friends and when they meet the richest man in all of England, there's a chance that Billy's scrumptious-galumptious dream just might come true ... Ages 7+ | ||
| 650 | 0 |
_aGiraffe _vJuvenile fiction. |
|
| 650 | 0 |
_aPelicans _vJuvenile fiction. |
|
| 650 | 0 |
_aMonkeys _vJuvenile fiction. |
|
| 650 | 0 |
_aConfectionery _vJuvenile fiction. |
|
| 700 | 1 |
_aBlake, Quentin, _eillustrator. |
|
| 942 |
_2ddc _cER |
||